000 00301nam a2200121Ia 4500
008 190216s9999||||xx |||||||||||||| ||und||
100 _aMuthuswamy B
245 4 _aThe Life Of Sir Walter Scott
260 _bM S R Murty & Company
_c1948
300 _a157p
650 _aEnglish Literature
942 _cBK
999 _c11621
_d11621